Les communes les plus densément peuplées par département français - Statistiques

Statistiques générales
  • Ce quiz a été pris 23 fois
  • Le résultat moyen est 46 sur 96
Statistiques - réponses
Département Densité (hab./km²) Commune % Correct
Paris (75) 20 054 Paris
95%
Rhône (69) / Métropole de Lyon 11 171 Villeurbanne
90%
Isère (38) 8 626 Grenoble
80%
Maine-et-Loire (49) 3 689 Angers
75%
Finistère (29) 2 848 Brest
75%
Côte-d'Or (21) 3 958 Dijon
75%
Charente-Maritime (17) 2 813 La Rochelle
75%
Sarthe (72) 2 749 Le Mans
75%
Bouches-du-Rhône (13) 3 646 Marseille
75%
Hérault (34) 5 399 Montpellier
75%
Loire-Atlantique (44) 4 987 Nantes
75%
Loiret (45) 4 234 Orléans
75%
Haute-Garonne (31) 4 325 Toulouse
75%
Corse-du-Sud (2A) 918 Ajaccio
70%
Somme (80) 2 709 Amiens
70%
Haute-Corse (2B) 2 449 Bastia
70%
Calvados (14) 4 218 Caen
70%
Mayenne (53) 1 446 Laval
70%
Meurthe et Moselle (54) 6 954 Nancy
70%
Pyrénées Orientales (66) 1 778 Perpignan
70%
Marne (51) 3 806 Reims
70%
Ille-et-Vilaine (35) 4 521 Rennes
70%
Seine-Maritime (76) 5 441 Rouen
70%
Tarn (81) 1 143 Albi
65%
Territoire de Belfort (90) 2 669 Belfort
65%
Cher (18) 935 Bourges
65%
Savoie (73) 2 870 Chambéry
65%
Morbihan (56) 3 330 Lorient
65%
Haut-Rhin (68) 4 731 Mulhouse
65%
Hautes-Pyrénées (65) 2 905 Tarbes
65%
Var (83) 4 221 Toulon
65%
Indre-et-Loire (37) 4 000 Tours
65%
Drôme (26) 1 752 Valence
65%
Charente (16) 1 896 Angoulême
60%
Cantal (15) 911 Aurillac
60%
Corrèze (19) 963 Brive-la-Gaillarde
60%
Indre (36) 1 687 Châteauroux
60%
Landes (40) 1 102 Dax
60%
Eure (27) 1 827 Évreux
60%
Nièvre (58) 1 914 Nevers
60%
Dordogne (24) 3 042 Périgueux
60%
Lot-et-Garonne (47) 2 802 Agen
55%
Orne (61) 2 403 Alençon
55%
Gers (32) 315 Auch
55%
Doubs (25) 1 846 Besançon
55%
Aude (11) 713 Carcassonne
55%
Ardennes (08) 1 451 Charleville-Mézières
55%
Hauts-de-Seine (92) 28 387 Levallois-Perret
55%
Seine-et-Marne (77) 5 433 Melun
55%
Aveyron (12) 2 159 Rodez
55%
Aube (10) 4 731 Troyes
55%
Meuse (55) 619 Bar-le-Duc
50%
Loir-et-Cher (41) 1 257 Blois
50%
Vienne (86) 2 125 Poitiers
50%
Allier (03) 4 394 Vichy
50%
Haute-Vienne (87) 1 663 Limoges
45%
Aisne (02) 2 349 Saint-Quentin
45%
Yonne (89) 1 245 Sens
45%
Haute-Saône (70) 1 688 Vesoul
45%
Haute-Savoie (74) 7 549 Annemasse
40%
Hautes-Alpes (05) 383 Briançon
40%
Oise (60) 3 291 Creil
40%
Jura (39) 2 206 Lons-le-Saunier
40%
Tarn-et-Garonne (82) 462 Montauban
40%
Loire (42) 2 194 Roanne
40%
Val-de-Marne (94) 25 324 Vincennes
40%
Gard (30) 1 944 Alès
35%
Saône-et-Loire (71) 2 930 Chalon-sur-Saône
35%
Côtes-d'Armor (22) 2 090 Guingamp
35%
Alpes-de-Haute-Provence (04) 402 Manosque
30%
Haute Marne (52) 478 Saint-Dizier
30%
Bas-Rhin (67) 4 506 Schiltigheim
30%
Manche (50) 1 293 Granville
25%
Alpes-Maritimes (06) 5 214 Le Cannet
25%
Seine-Saint-Denis (93) 23 904 Le Pré-Saint-Gervais
25%
Lozère (48) 382 Marvejols
25%
Gironde (33) 5 493 Talence
25%
Puy-de-Dôme (63) 4 666 Chamalières
20%
Ain (01) 3 274 Saint-Laurent-sur-Saône
20%
Ardèche (07) 1 722 Guilherand-Granges
15%
Essonne (91) 8 472 Juvisy-sur-Orge
15%
Vaucluse (84) 1 670 Le Pontet
15%
Eure-et-Loir (28) 2 584 Lucé
15%
Pyrénées-Atlantiques (64) 3 072 Billère
10%
Pas-de-Calais (62) 4 874 Boulogne-sur-Mer
10%
Yvelines (78) 7 588 Houilles
10%
Nord (59) 9 950 Lannoy
10%
Moselle (57) 3 264 Montigny-lès-Metz
10%
Deux-Sèvres (79) 1 424 Saint-Maixent-l'École
10%
Haute-Loire (43) 1 348 Aiguilhe
5%
Creuse (23) 837 Boussac
5%
Vosges (88) 930 Golbey
5%
Val-d'Oise (95) 8 800 Saint-Gratien
5%
Ariège (09) 711 Saint-Jean-du-Falga
5%
Lot (46) 542 Biars-sur-Cère
0%
Vendée (85) 1 200 Mallièvre
0%
Aucun quiz correspondant
Distribution des résultats
% des personnes avec chaque résultat
Percentile par nombre de réponses
Votre historique - résultats
Vous n’avez pas pris ce quiz